000 00395nam a2200157Ia 4500
003 GCL
008 140319s9999 xx 000 0 eng d
040 _aGCL /
_cGCL
082 0 4 _a709
_bD C
100 1 _aDUCHER, RABERT
245 1 0 _aCARACTE'RISTIQUE DES STYLES /
_cDUCHER, RABERT
260 _a[S.N] :
_bFlam marion
650 0 4 _aDECORATIVE ARTS
650 0 4 _aARTS, HISTORY
942 _2ddc
_cBK
999 _c19498
_d19498